Score 0/101 Timer 20:00
0 Plays Today
Can you name all the Actresses who have Elphaba Actress % Correct
Broadway, West End, SF TryoutsIdina Menzel
93.5%
Broadway, 1st NTShoshana Bean
79.3%
Broadway, 1st NT, SF TryoutsStephanie J Block
78.8%
West End, BroadwayKerry Ellis
78.8%
Broadway, 1st NT, LA, San FranciscoEden Espinosa
76%
West EndRachel Tucker
67.7%
Germany, Netherlands, BroadwayWillemijn Verkaik
66.4%
Broadway, 1st NTJulia Murney
65.4%
Broadway, 1st NT, 2nd NT, LA, San FranciscoMarcie Dodd
65%
Broadway, 1st NTJackie Burns
64.1%
West EndLouise Dearman
63.6%
Broadway, ChicagoAna Gasteyer
63.1%
San Francisco, Broadway, 1st NTDee Roscioli
62.2%
BroadwayMandy Gonzalez
58.5%
Australia, Asian NTJemma Rix
58.5%
Broadway, San Francisco, LATeal Wicks
58.5%
Broadway, 1st NTDonna Vivino
55.8%
Broadway, Chicago, 1st NTKristy Cates
55.3%
LACaissie Levy
54.8%
Broadway, SF TryoutsKristin Chenoweth
53.9%
1st NT, BroadwayNicole Parker
53.9%
Chicago, Australia, 1st NTCarmen Cusack
52.1%
West EndNikki Davis-Jones
52.1%
2nd NTChristine Dwyer
52.1%
Chicago, Australia, BroadwayJennifer DiNoia
50.7%
Broadway, ChicagoAnnaleigh Ashford
50.2%
Broadway, 1st NT, LAMegan Hilty
50.2%
West EndGina Beck
49.3%
Broadway, 1st NT, San FranciscoAlli Mauzey
48.4%
AustraliaAmanda Harrison
47.9%
West EndAlexia Khadime
47.9%
Broadway, 1st NT, San FranciscoKendra Kassebaum
47.5%
West EndHelen Dallimore
46.5%
2nd NT, ChicagoAnne Brummel
46.1%
Can you name all the Actresses who have Elphaba Actress % Correct
2nd NT, LA, San FranciscoVicki Noon
46.1%
Chicago, BroadwayKate Reinders
43.8%
Broadway, 1st NTChandra Lee Schwartz
43.3%
BroadwayJennifer Laura Thompson
43.3%
AustraliaLucy Durack
42.9%
BroadwaySaycon Sengbloh
42.9%
LA, Chicago, BroadwayErin Mackey
41.9%
West EndDianne Pilkington
41.9%
Broadway, ChicagoLisa Brescia
41%
West EndHayley Gallivan
40.6%
AustraliaPippa Grandison
40.1%
West EndAshleigh Gray
40.1%
1st NTVictoria Matlock
40.1%
1st NTMamie Parris
40.1%
2nd NT, San Francisco, Alyssa Fox
39.2%
Broadway, 1st NTKatie Adams
38.7%
2nd NT, BroadwayTiffany Haas
38.2%
Australia, Asian NTSuzie Mathers
38.2%
LA, BroadwayJulie Reiber
38.2%
AustraliaLaura Bunting
37.8%
West EndCassidy Janson
37.3%
West EndShona White
36.9%
Chicago, BroadwayKate Fahrner
35.5%
1st NTCarla Stickler
35.5%
Broadway, 1st NT, LALaura Woyasz
35.5%
San FranciscoFelicia Ricci
35%
West EndAnnalene Beechey
34.6%
1st NTPatti Murin
34.6%
JapanMegumi Hamada
33.6%
San Francisco, 1st NTMerideth Kaye Clarke
33.2%
2nd NTJeanna de Waal
32.7%
1st NTColeen Sexton
32.7%
2nd NTHelene Yorke
32.7%
1st NT, LAJenna Leigh Green
32.3%
Can you name all the Actresses who have Elphaba Actress % Correct
NetherlandsChantal Janzen
30.9%
AustraliaPatrice Tipoki
30.9%
AustraliaErin Hasan
30.4%
1st NTAmanda Jane Cooper
30%
West EndSarah Earnshaw
30%
SF TryoutsMellissa Bell Chait
29.5%
1st NT, LA, San Francisco, Natalie Daradich
28.6%
BroadwayLindsay K. Northern
28.6%
GermanyLucy Scherer
27.6%
GermanyAnna Thoren
27.6%
1st NTChristina DeCicco
27.2%
1st NTMariand Torres
27.2%
Chicago, 1st NT, 2nd NTMichelle London
26.7%
GermanyValerie Link
26.3%
Broadway, Chicago, Stacie Morgain Lewis
25.3%
1st NT, 2nd NTStephanie Torns
25.3%
West EndChloe Taylor
24.9%
NetherlandsYvonne Coldewijer
24%
Australia, Asian NTZoe Jarrett
24%
1st NT, Maria Eberline
23.5%
JapanAsako Tomada
23.5%
NetherlandsCeline Purcell
23%
GermanyRoberta Valentini
22.1%
San Francisco, 2nd NTCarrie Manolakos
21.7%
Chicago, BroadwayHeather Spore
21.2%
West EndLucy van Gasse
21.2%
1st NT, LAEmily Rozek
20.7%
2nd NT, San FranciscoLibby Servais
20.3%
NetherlandsRenee van Wegberg
20.3%
GermanySabrina Weckerlin
20.3%
JapanMasae Ebata
18.4%
Germany Joanna Fee Wurz
18%
GermanyJana Stelley
17.1%
Remove Ads.
Support Sporcle.
Get the best of Sporcle when you Go Orange. This ad-free experience offers more features, more stats, and more fun while also helping to support Sporcle. Thank you for becoming a member.

You're not logged in!

Compare scores with friends on all Sporcle quizzes.
OR
Log In

Show Comments

Extras

Top Quizzes Today


Score Distribution

Your Account Isn't Verified!

In order to create a playlist on Sporcle, you need to verify the email address you used during registration. Go to your Sporcle Settings to finish the process.

Report this User

Report this user for behavior that violates our Community Guidelines.

Details: